Advanced Data Science and Analytics with Python (Record no. 588702)
[ view plain ]
| 000 -LEADER | |
|---|---|
| fixed length control field | 01109nam a2200181 4500 |
| 003 - CONTROL NUMBER IDENTIFIER | |
| control field | NUST |
| 005 - DATE AND TIME OF LATEST TRANSACTION | |
| control field | 20220309151510.0 |
| 008 - FIXED-LENGTH DATA ELEMENTS--GENERAL INFORMATION | |
| fixed length control field | 220309b ||||| |||| 00| 0 eng d |
| 020 ## - INTERNATIONAL STANDARD BOOK NUMBER | |
| International Standard Book Number | 978-0429446610 |
| 022 ## - INTERNATIONAL STANDARD SERIAL NUMBER | |
| Source | 978-0429446610 |
| 038 ## - RECORD CONTENT LICENSOR | |
| Staff Name | SAIF |
| 082 ## - DEWEY DECIMAL CLASSIFICATION NUMBER | |
| Classification number | 006.312 |
| Author Mark | EPT |
| 245 ## - TITLE STATEMENT | |
| Title | Advanced Data Science and Analytics with Python |
| Remainder of title | 1st Edition |
| Statement of responsibility, etc. | Jesus Rogel-Salazar |
| 260 ## - PUBLICATION, DISTRIBUTION, ETC. | |
| Place of publication, distribution, etc. | CRC Press |
| Name of publisher, distributor, etc. | London |
| Date of publication, distribution, etc. | 2020 |
| 500 ## - GENERAL NOTE | |
| General note | Advanced-Data Science and Analytics with Python enables data scientists to continue developing their skills and apply them in business as well as academic settings. The subjects discussed in this book are complementary and a follow-up to the topics discussed in Data Science and Analytics with Python. The aim is to cover important advanced areas in data science using tools developed in Python such as SciKit-Learn, Pandas, Numpy, Beautiful Soup, NLTK, NetworkX, and others. The model development is supported by the use of frameworks such as Keras, TensorFlow and Core ML, as well as Swift for the development of iOS and MacOS applications |
| 563 ## - BINDING INFORMATION | |
| Binding note | H.B |
| 942 ## - ADDED ENTRY ELEMENTS (KOHA) | |
| Source of classification or shelving scheme | |
| Koha item type | Book |
| Withdrawn status | Lost status | Source of classification or shelving scheme | Damaged status | Not for loan | Permanent Location | Current Location | Date acquired | Total Checkouts | Total Renewals | Full call number | Barcode | Checked out | Date last seen | Date last checked out | Price effective from | Koha item type |
|---|---|---|---|---|---|---|---|---|---|---|---|---|---|---|---|---|
| School of Civil and Environmental Engineering (SCEE) | School of Civil and Environmental Engineering (SCEE) | 03/09/2022 | 2 | 1 | 006.312 SAL | NIT-13555 | 05/26/2025 | 01/30/2025 | 01/30/2025 | 03/09/2022 | Book |
